[Predhovor k zborníku Aktuárska veda v teórii a praxi]

Gespeichert in:
Bibliographische Detailangaben
1. Verfasser: Páleš, Michal, 1984-
Format: Buchkapitel
Sprache:Slowakisch
Tags: Tag hinzufügen
Keine Tags, Fügen Sie das erste Tag hinzu!

MARC

LEADER 00000nla a2200000 4500
001 0226053
005 20240502073718.7
041 0 |a slo 
044 |a SK 
245 1 0 |a [Predhovor k zborníku Aktuárska veda v teórii a praxi]  |c Michal Páleš 
100 1 |a Páleš, Michal, 1984-